Oroscopo Cinese in 1 minuto - Statistics

Statistiche generali
  • Questo quiz è stato fatto 69 volte
  • Il punteggio medio è 7 su 12
Statistiche sulle risposte
Hint Risposta % Corretto
6 Drago
78%
8 Maiale
76%
2 Cane
74%
10 Serpente
67%
12 Topo
67%
11 Tigre
64%
9 Scimmia
59%
4 Cavallo
52%
3 Capra
48%
5 Coniglio
48%
7 Gallo
41%
1 Bufalo
16%
Nessun quiz corrispondente trovato
Distribuzione punteggi
Percentuale di utenti per punteggio
Percentile per numero di risposta
I tuoi punteggi nel tempo
Non hai fatto questo quiz